| 000 | 00511nam a22001817a 4500 | ||
|---|---|---|---|
| 005 | 20230130150932.0 | ||
| 008 | 230125b |||||||| |||| 00| 0 eng d | ||
| 020 | _a978-1-3856960-7 | ||
| 041 | _aeng | ||
| 082 | _a615.1 LIE-P | ||
| 100 |
_aLIEBERMAN,HERBERT A. ,RIGER, MARTIN M. AND BANKER , GILBERT S. _97495 |
||
| 245 | _aPHARMACEUTICAL DOSAGE FORM :DISPERSE SYSTEM VOL- 1 | ||
| 250 | _a2nd ed. | ||
| 260 | _bCBS PUBLICATIONS | ||
| 300 | _a532;P. | ||
| 650 |
_aPHARMACY _xB.PHARMA _97083 |
||
| 942 | _cBK | ||
| 999 |
_c8219 _d8217 |
||